Prueba de Almería - Estadísticas

Estadísticas generales
  • Esta prueba ha sido intentada 68 veces
  • La puntuación promedio es 27 de 60
Estadísticas de respuestas
Pregunta Respuesta % Correcto
Nombra el famoso cantante almeriense que llegó a la fama gracias al concurso OT David Bisbal
98%
Cual es el monumento más famoso Alcazaba de Almería
94%
Patrona de Almería Virgen del Mar
92%
Plato tipico que se come en dias que llueve Migas
82%
Que pueblo es conocido por la gran cantidad de indalos que tiene Mojácar
80%
Único desierto de Europa Desierto de Tabernas
73%
Cantante almeriense conocido por su origen en el barrio humilde de Pescadería Rvfv
73%
Cual es el segundo municipio mas poblado Roquetas de Mar
71%
Que pueblo fue fundado por los fenicios como "Abdera" Adra
69%
El observatorio mas importante de Europa Observatorio del Calar Alto
67%
Famosa por sus hoteles y campos de golf, este núcleo pertenece a El Ejido Almerimar
63%
Desde que cargadero de mineral, este se cargaba en los barcos que salían a América Cable Inglés
63%
Como se llama el yacimiento arqueológico donde está el poblado prehistórico mas antiguo de Europa Los Millares
63%
Municipio de la provincia que empieza por Ben- y termina en -ux Benahadux
61%
Playa importante por sus aguas cristalinas, rodaje de películas y su historia relacionada con las muertes de pescadores Playa de los Muertos
61%
Que guitarrista flamenco es considerado uno de los mejores del mundo Tomatito
61%
Rio que cruza la provincia de oeste a este, conocido por su valle Rio Almanzora
59%
Nucleo de población de Roquetas de Mar, muy transitado en el verano Aguadulce
57%
Fue presidente de la Primera República durante un mes y medio en 1873 Nicolás Salmerón
57%
El blanco es uno de colores que forman la bandera de la ciudad y de la vestimenta del equipo del futbol. Cual es el otro Rojo
57%
El bar mas famoso de la capital situado en pleno casco antiguo Casa Puga
55%
Este pueblo, a su vez es un nombre de mujer María
55%
Pueblo de Almería con los mejores embutidos Serón
55%
Famoso por sus "americanos" Kiosko Amalia
53%
Cantante almeriense que tuvo que emigrar hacia Cataluña en su niñez Manolo Escobar
53%
Nombre de la famosa calle en el centro de Almería dedicada a un antiguo obispo Obispo Orberá
53%
Conocida coloquialmente como "Rambla de Belén" por su antiguo cauce, cual es el nombre de esta avenida principal de Almería Avenida Federico García Lorca
51%
Que municipio almeriense es conocido por sus pueblos blancos y sus bonitas calas Níjar
51%
Carretera convencional muy famosa por sus paisajes y sus repentinos derrumbamientos Carretera del Cañarete
49%
Formación volcánica al sureste de la península Cabo de Gata
47%
Teatro encantado Teatro Cervantes
47%
Sierra almeriense cuyo nombre deriva del árabe por un manantial que se encuentra en ella Sierra Alhamilla
43%
Centro comercial localizado en El Ejido Centro comercial Copo
39%
Lo contrario a Aguadulce Agua Amarga
37%
Este pueblo esta en Granada y en Murcia también, el nombre es árabe Alhama de Almería
37%
Nombre que reciben los almerienses coloquialmente Legañosos
37%
Estadio donde juega la U.D. Almería Estadio de los Juegos Mediterráneos
35%
Famoso puerto de montaña para esquí Puerto de la Ragua
35%
Pueblo de Almería con un nombre muy similar a este último desierto Taberno
35%
Ciudad dormitorio mas importante de la capital Huércal de Almería
33%
Producto hortofrutícola que lidera las ventas en el mercado exterior Pepino
33%
Eje nacional de carreteras que pasa por la capital Autovía A-7
29%
Nombre del lugar con mas cultivos hortícolas bajo invernadero en Europa Campo de Dalías
29%
Centro comercial abierto situado en Aguadulce, famoso por su ocio nocturno y restauración 501 Aguadulce
27%
La última y mas difícil. Que animales están representados en los bajos de la torre de la Catedral Leones
27%
Que famoso compositor y pianista escribió entre otras la obra "Almería, Tierra noble" Mestro Padilla
24%
Plaza mas importante y famosa de la ciudad de Almería Puerta de Purchena
24%
Nombre coloquial para el pueblo de Carboneras El pueblecico
22%
Nombre de la famosa playa que hace frontera entre las provincias de Almería y Murcia Playa de los cocedores
22%
Playa donde desembarcaron las tropas para ayudar a la reconquista cristiana en al - Andalus Playa de los Genoveses
20%
El municipio mas chico con tan solo 50 personas. Pista empieza por la B- Benitagla
18%
Tipo de árbol presente en la plaza de la Catedral de la Encarnación Palmeras
18%
Chalet pintoresco donado por su propietaria y ubicado en la plaza circular Casa de Doña Pakyta
16%
Urbanización en los acantilados de la sierra de Gádor, construida por Francisco Franco Castell del Rey
14%
Apellido del famoso arquitecto nacido en Almería, llamado Guillermo Langle
12%
Cual es el pico mas alto de la provincia con unos 2.611 metros de altura El Chullo
8%
Antiguo hospital situado en la Rambla Hospital del 18 de Julio
8%
Solicitado bar, conocido por sus "patatas a lo pobre" El Quinto Toro
6%
Famoso arqueólogo belga importante en Almería Luis Siret
6%
Último pueblo de al - Andalus en la reconquista cristiana Laujar de Andarax
4%
No se encontraron pruebas coincidentes
Distribución de puntuación
Porcentaje de gente con cada puntuación
Porcentaje por número respondido
Historial de tus puntuaciones
No has intentado esta prueba.